|
|
|
|
| LEADER |
02560nam a2200421 a 4500 |
| 001 |
2065610 |
| 003 |
BD-DhAAL |
| 005 |
20250204124249.0 |
| 008 |
090721r20031993 bg d f000 0 ben d |
| 010 |
|
|
|a 93908359
|
| 020 |
|
|
|a 9840738348
|
| 020 |
|
|
|a 984074318X
|
| 020 |
|
|
|a 9840747320
|
| 040 |
|
|
|a DLC
|c DLC
|d DLC
|
| 082 |
0 |
0 |
|a 423.9144
|2 20
|
| 245 |
0 |
0 |
|a Bangla Academy English-Bengali dictionary /
|c editor, Zillur Rahman Siddiqui with Jahangir Tareque ... [et al.].
|
| 250 |
|
|
|a First edition
|
| 260 |
|
|
|a Dhaka :
|b Bangla Academy,
|c 1993 [reprinted 2003, 2009]
|
| 300 |
|
|
|a xx, 927, [31] pages ;
|a xv, 1088 pages ;
|c 22 cm.
|
| 500 |
|
|
|a Bengali and English.
|
| 526 |
|
|
|x Salim khan
Sr. program Associate
James P. Grant School
Course name and no. N/A
|
| 541 |
1 |
|
|a Paragon Enterprises(18421)
|e 00018421
|
| 650 |
|
0 |
|a English language
|x Dictionaries
|x Bengali.
|9 6799
|
| 700 |
1 |
|
|a Siddikī, Jillura Rahamāna,
|d 1928-
|9 6800
|
| 700 |
1 |
|
|a Tareque, Jahangir.
|9 6801
|
| 710 |
2 |
|
|a Bangla Academy (Bangladesh)
|9 6802
|
| 740 |
0 |
|
|a English-Bengali dictionary.
|
| 852 |
4 |
|
|a SPH
|j Generl Shelf.
|
| 942 |
|
|
|2 ddc
|c BK
|
| 999 |
|
|
|c 2575
|d 2575
|
| 952 |
|
|
|0 0
|1 0
|2 ddc
|4 0
|6 423_914400000000000_BAN
|7 1
|9 2346
|a JPGSPH
|b JPGSPH
|d 2009-04-28
|e Paragon Enterprises Ltd.
|g 228.00
|l 0
|o 423.9144 BAN
|p 3010018421
|r 2009-07-21
|t 1
|w 2009-07-21
|y BK
|x Requisitioned by Salim khan, Sr. program Associate, James P. Grant School. Course name and no. N/A
|
| 952 |
|
|
|0 0
|1 0
|2 ddc
|4 0
|6 423_914400000000000_BAN
|7 1
|9 17932
|a BRACUL
|b BRACUL
|c REF
|d 2003-07-22
|g 0.00
|l 0
|o 423.9144 BAN
|p 3010008802
|r 2012-09-11
|t 2
|w 2011-09-05
|y BK
|x Not price in Register
|
| 952 |
|
|
|0 0
|1 0
|2 ddc
|4 0
|6 423_914400000000000_BAN
|7 0
|9 44466
|a BRACUL
|b BRACUL
|c REF
|d 2014-12-10
|l 0
|o 423.9144 BAN
|p 3010014002
|r 2014-12-10
|t 3
|w 2014-12-10
|y BK
|
| 952 |
|
|
|0 0
|1 0
|2 ddc
|4 0
|6 423_914400000000000_BAN
|7 0
|9 56334
|a SCL
|b SCL
|c GEN
|d 2015-10-17
|g 175.00
|l 1
|o 423.9144 BAN
|p 3020007180
|r 2018-04-15
|s 2018-04-09
|t 7
|w 2015-10-17
|y BK
|
| 952 |
|
|
|0 0
|1 0
|2 ddc
|4 0
|6 423_914400000000000_BAN
|7 0
|9 56342
|a SCL
|b SCL
|c GEN
|d 2015-10-17
|l 0
|o 423.9144 BAN
|p 3020002916
|r 2015-10-17
|t 4
|w 2015-10-17
|y BK
|
| 952 |
|
|
|0 0
|1 0
|2 ddc
|4 0
|6 423_914400000000000_BAN
|7 0
|9 57494
|a SCL
|b SCL
|c GEN
|d 2016-01-03
|l 0
|o 423.9144 BAN
|p 3020005854
|r 2016-01-03
|t 5
|w 2016-01-03
|y BK
|
| 952 |
|
|
|0 0
|1 0
|2 ddc
|4 0
|6 423_914400000000000_BAN
|7 0
|9 63073
|a SCL
|b SCL
|c GEN
|d 2015-10-17
|g 175.00
|l 0
|o 423.9144 BAN
|p 3020007179
|r 2018-04-10
|t 6
|w 2015-10-17
|y BK
|
| 952 |
|
|
|0 0
|1 0
|2 ddc
|4 0
|6 423_914400000000000_BAN
|7 0
|9 63074
|a SCL
|b SCL
|c GEN
|d 2015-10-17
|g 175.00
|l 0
|o 423.9144 BAN
|p 3020007181
|r 2018-04-10
|t 8
|w 2015-10-17
|y BK
|